000 00666cam a2200193 4500
001 WB3530-43
008 000000n1999 000 0 eng u
035 _a(Sirsi) u102097
245 _aRoad and car park levy trials.
260 _c1999
490 _aFinancial Times
_v31 July 1999, 8(1)
520 _a At least 16 local authorities have asked to take part in DETR trials of road tolling or car park levy schemes. The best applications will be selected to form 10-year pilot schemes.
650 _aCAR PARKS
650 _aROAD TOLLS
650 _aTRAFFIC CONGESTION
650 _aTRAFFIC MANAGEMENT
690 _aTRANSPORT AND COMMUNICATIONS
942 _n0
999 _c61189
_d61189